000 00416 a2200133 4500
001 ART_10722
005 20260410161831.0
008 260409a
245 1 0 _aÍndice de competitividad de la ciudad de Córdoba
100 1 _aFerrero, Fernando
700 1 _aFigueras, Alberto José
700 1 _aMotta, Jorge J.
773 0 _tActualidad Económica
_g- Año XVI, Nº 60 (sep./dic. 2006)
_wREV5083
999 _c23221
_d23221